| 000 | 01754nam0a2200373 4500 | ||
|---|---|---|---|
| 001 | RU\NLR\bibl\1020445 | ||
| 005 | 20260405121210.0 | ||
| 010 |
_a5-02-034008-1 _9500 |
||
| 021 |
_aRU _b2006-69722 _93508 |
||
| 035 | _a(NLR Aleph) 001007985 | ||
| 090 |
_a620399 _c620399 |
||
| 100 | _a20061212d2006 |||y0rusy50 ca | ||
| 101 | 0 |
_arus _deng _eeng |
|
| 102 | _aRU | ||
| 105 | _ay ||||||||| | ||
| 200 | 1 |
_aСША и революционная Россия в 1917 году _dUSA and revolutionary Russia in 1917 _eк вопросу об альтернативах американской политики от Февраля к Октябрю _fС. В. Листиков _g[Рос. акад. наук, Ин-т всеобщ. истории] _zeng |
|
| 210 |
_aМосква _cНаука _d2006 |
||
| 215 |
_a451, [1] с. _d23 |
||
| 300 | _aРез. на англ. яз. | ||
| 320 | _aБиблиогр.: с. 427-439 | ||
| 320 | _aУказ. имен: с. 440-447 | ||
| 510 | 0 |
_6z77790 _aUSA and revolutionary Russia in 1917 _zeng |
|
| 607 |
_aРоссия _xВзаимоотношения _yСоединенные Штаты Америки _z1917 _92455603 _3RU\NLR\auth\661459631 |
||
| 607 |
_aСоединенные Штаты Америки _xВзаимоотношения _yРоссия _z1917 _92455605 _3RU\NLR\auth\661459632 |
||
| 686 | _aТ3(2)711.19-64(7США) | ||
| 686 | _aТ3(7США)542-64(2) | ||
| 700 | 1 |
_4070 _8rus _7ca _aЛистиков _bС. В. _gСергей Викторович _3RU\NLR\AUTH\7747258 _930193 |
|
| 790 | 1 |
_4070 _8rus _7ba _aListikov _bS. V. _gSergej Viktorovič _3RU\NLR\auth\7747260 _930195 |
|
| 801 | 0 |
_aRU _bNLR _c20061212 _grcr |
|
| 801 | 1 |
_aRU _bNLR _c20061212 |
|
| 942 | _cBOOK | ||
| 980 | _aNB | ||